Principios de la asistencia a la parte no instruida y de interpretación favorable en caso de duda (Registro nro. 24216)

Detalles MARC
000 -LEADER
fixed length control field 00418 a2200109 4500
001 - CONTROL NUMBER
control field ART_41426
005 - DATE AND TIME OF LATEST TRANSACTION
control field 20260410161842.0
008 - FIXED-LENGTH DATA ELEMENTS--GENERAL INFORMATION
fixed length control field 260409a
100 1# - MAIN ENTRY--PERSONAL NAME
Personal name Thomas, Gustavo J.
245 10 - TITLE STATEMENT
Title Principios de la asistencia a la parte no instruida y de interpretación favorable en caso de duda
773 0# - HOST ITEM ENTRY
Title RAP
Related parts XI Jornadas Rosarinas de derecho administrativo - Año 39, Nº 462 (mar. 2017)
Record control number REV5941

No hay ítems disponibles.